00317nam a22001097a 4500020001800000040000900018082001500027100001900042245005800061260003200119650005600151 a9789695032350 cNUST a891.42 AKS aMasood Quershi aAks Bahu: bSultan bahu ka kalam aur urdu translation aLAHORE:bLOK VIRSA, c2002. aUrdu Adab-Sultan bahu ka kalam aur urdu translation